| 000 | 00892nam a2200241 a 4500 | ||
|---|---|---|---|
| 999 |
_c12670 _d12670 |
||
| 001 | 12670 | ||
| 003 | BD-JhCC | ||
| 005 | 20221112103914.0 | ||
| 008 | 221112s2020 bg |||| |||| 000 0 ban d | ||
| 020 | _a9789844410150 | ||
| 035 | _a(BD-JhCC)12670 | ||
| 040 |
_aBD-JhCC _dBD-JhCC |
||
| 041 | _aBangla | ||
| 082 |
_a303.4821767 _bMUK 2020 |
||
| 100 | _aমুখতার, আবদুল মুকিত | ||
| 245 |
_aইসলাম ও আধুনিক বিশ্বব্যবস্থা / _cআবদুল মুকিত মুখতার |
||
| 260 |
_aঢাকা : _bবাসিয়া প্রকাশনী, _c২০২০ |
||
| 300 |
_a৬৩২ পৃ. : _c২৫ সেমি. |
||
| 504 | _aগ্রন্থপঞ্জি অন্তর্ভূক্ত | ||
| 650 | _aFinance--Religious aspects--Islam | ||
| 650 | _aIslamic modernism | ||
| 942 |
_2ddc _cBK |
||